000 00876nam a2200265Ia 4500
003 OSt
005 20220923214600.0
006 a|||||r|||| 00| 0
007 ta
008 220922b |||||||| |||| 00| 0 hin d
024 _a171,060
037 _cTextual
040 _aARTS
_cARTS
_bhin
041 _2hin
_ahin
082 _aO152,3N14x, J9;K9
100 _aयशपाल
245 0 _aफूलों की कूर्ता
_b कहानी संग्रह
246 _aFūloan kī kūrtā: kahānī sangraha
250 _aसंस्क0 5
260 _aलखनऊ
_b विप्लव कार्यालय
_c1969
490 _aविप्लव प्रकाशन; 16
650 _aहिन्दी साहित्य
_9156264
942 _hO152,3N14x, J9;K9
_cTEXL
_2CC
999 _c325285
_d325285